Počítačom podporované technológie v medicíne

Saved in:
Bibliographic Details
Main Author: Chovanec, Lukáš (Author)
Other Authors: Milde, Ján (Thesis advisor)
Format: Manuscript Book
Language:Slovak
Published: 2017
Subjects:
Online Access:http://is.stuba.sk/zp/portal_zp.pl?podrobnosti=122255
Tags: Add Tag
No Tags, Be the first to tag this record!

MARC

LEADER 00000ntm a22000003a 4500
001 stuzp62305
003 SK-STU
005 20170624211428.7
007 ta
008 150427s2015----xo-----f-mn---000-0-slo-d
040 |a STU  |b slo 
041 0 |a slo 
100 1 |a Chovanec, Lukáš  |u 063000  |4 aut  |U MTF Materiálovotechnologická fakulta  |T MTF Ústav výrobných technológií  |X 73616  |U M3000  |Y 83  |7 73616 
242 0 1 |a Computer-aided technologies in medical  |y eng 
245 1 0 |a Počítačom podporované technológie v medicíne 
260 |c 2017 
650 4 |a Počítačom podporované technológie v medicíne  |2 slo 
650 4 |a Výrobné technológie v medicíne  |2 slo 
650 4 |a Implantát  |2 slo 
650 4 |a Production Technologies in Medical  |2 eng 
650 4 |a Implant  |2 eng 
650 4 |a Computer-aided technologies in medical  |2 eng 
700 1 |a Milde, Ján  |u 063000  |k Z3  |4 ths  |U MTF Materiálovotechnologická fakulta  |T MTF Ústav výrobných technológií  |X 56936  |U M3000  |Y 83  |7 A000056936 
856 4 |u http://is.stuba.sk/zp/portal_zp.pl?podrobnosti=122255 
996 |c M* BP-8093  |l MMSKP  |s P  |a 0  |w stuzp62305_0001